1812 1742 1777 1255 1076 1663 1490 1723 1006 1072 1980 1185 1523 1090 1983 1926 1648 1991 1359 1230 1706 1468 1250 1180 1204 1545 1562 1279 1222 1372 1964 2000 1965 1035 1235 1760 1158 1136 1418 1667 1570 1807 1943 1216 1456 1369 1886 1030 1358 1173 1332 1534 1160 1901 1989 1201 1780 1691 1093 1887 1495 1970 1625 1230 1067 1576 1336 1891 1782 1075 1359 1329 1284 1861 1926 1929 1003 1801 1899 1612 1434 1365 1298 1267 1047 1850 1620 1544 1198 1282 1152 1545 1108 1785 1376 1974 1584 1580 1595 BCNSPRNW ULIB Ver.6.0+V

เปลี่ยนเป็นภาษาไทย

Change to English
 แสดงรายละเอียดบรรณานุกรม
  กลับหน้าหลัก

Brief Record : Get Marc (ISO 2709) : E-mail record : QR code < ปิดหน้าต่าง
LEADER : 00000nam 2200000uu 4500
001    13399120903
003     ULIB
008    121024s2552||||th 000 0 tha d
020    ^a9786117070204
050  4 ^aH62^bส786ว
100 0  ^aสุธีระ ประเสริฐสรรพ์
245 10 ^aวิจัยใน--จินตนาการ เล่ม5/^cสุธีระ ประเสริฐสรรพ์
246 30 ^aวิจัยใน...จินตนาการ 5
250    ^aพิมพ์ครั้งที่ 1
260    ^aกรุงเทพฯ :^bสำนักงานกองทุนสนับสนุนการวิจัย (สกว.),^c2552
300    ^a5 เล่ม :^bภาพประกอบ ;^c24 ซม.
650  7 ^aการวิจัย
650  7 ^aการศึกษา
650  7 ^aการเรียนรู้
710 2  ^aสำนักงานกองทุนสนับสนุนการวิจัย
740 0  ^aวิจัยใน...ความคิด : เล่มที่ 1
740 0  ^aหลักคิด...การวิจัย : เล่มที่ 2
740 0  ^aวิจัย...เรื่องใกล้ตัว : เล่มที่ 3
740 0  ^aเรียนรู้คู่วิจัย : เล่มที่ 4
740 0  ^aวิจัยใน...จินตนาการ : เล่มที่ 5
945    ^p70^l0^i16519
995    ^aทศพร
999    ^aทศพร เกษรทอง
รายการนี้ยังไม่มีแท็ก
คุณยังไม่ได้ล็อกอิน คุณสามารถมีกิจกรรมร่วมกับเว็บไซต์ได้ แต่ต้องล็อกอินก่อน ::
  ล็อกอิน

รายการสื่อสารสนเทศ

ลำดับที่ ประเภท เลขเรียก/บาร์โค้ด สถานที่ สถานะ
1. วิทยาศาสตร์การแพทย์ และสุขภาพ
วิทยาศาสตร์การแพทย์ และสุขภาพ
H62 ส786ว ฉ.1 
  Barcode: 16519
ห้องสมุดวิทยาเขตสวรรค์ประชารักษ์
►หนังสือทั่วไป
บนชั้น

รายการใกล้เคียง
    ผู้แต่ง [สุธีระ ประเสริฐสรรพ์]

    หัวเรื่อง [การวิจัย]
    หัวเรื่อง [การศึกษา]
    หัวเรื่อง [การเรียนรู้]

BibComment


ยังไม่เคยถูกคอมเมนท์

คอมเมนท์ทรัพยากรรายการนี้
  คอมเมนท์: วิจัยในจินตนาการ..


 Copyright 2026. Bcnsprnw @Library